000 00302nam a22001217a 4500
082 _a954.91
_bMEH
100 _aMehdi, Raza
245 _a Pakistan Today /
_cRaza Mehdi
260 _aLahore :
_bProgressive Publishers,
_c1987.
300 _a163 p. ;
_c24 cm.
563 _aHB.
942 _2ddc
_cBK
999 _c616247
_d616247